[Event "2017CICC"]
[Site "Calgary Alberta"]
[Date "2017.08.03"]
[Round "2.10"]
[White "Timmerman, Brian"]
[Black "Perron, Sean"]
[Result "1/2-1/2"]
[WhiteElo "1615"]
[BlackElo "2080"]
[PlyCount "80"]
[EventDate "2017.08.??"]
[SourceDate "2017.09.01"]

1. e4 e6 2. d4 d5 3. Nc3 Bb4 4. e5 Qd7 5. a3 Bxc3+ 6. bxc3 b6 7. Qg4 f5 8. Qg3
Ba6 9. Bxa6 Nxa6 10. Ne2 O-O-O 11. a4 Nb8 12. a5 Nc6 13. axb6 cxb6 14. Nf4 g6
15. h4 Nge7 16. Ba3 Rhg8 17. Qd3 Kb7 18. Bd6 Nc8 19. Bb4 Rde8 20. Ke2 h6 21.
Rhb1 Ka8 22. Kd2 Rg7 23. g3 Nxb4 24. Rxb4 Qc6 25. c4 dxc4 26. Rxc4 Qb7 27. Qc3
Kb8 28. Rc6 Ne7 29. Rxe6 Rc8 30. Qd3 g5 31. Nh5 Rf7 32. Rf6 Nd5 33. Rxf7 Qxf7
34. Nf6 Nxf6 35. exf6 Qxf6 36. hxg5 hxg5 37. Qe3 Rd8 38. c3 f4 39. gxf4 gxf4
40. Qe4 Qh4 1/2-1/2

[Event "2017CICC"]
[Site "Calgary Alberta"]
[Date "2017.08.03"]
[Round "2.11"]
[White "Booker, Brad"]
[Black "Dave, Bhavik"]
[Result "1-0"]
[WhiteElo "2114"]
[BlackElo "1771"]
[PlyCount "89"]
[EventDate "2017.08.??"]
[SourceDate "2017.09.01"]

1. e4 e5 2. Nf3 Nc6 3. Bb5 a6 4. Ba4 Nf6 5. O-O b5 6. Bb3 Be7 7. Re1 O-O 8. d3
d6 9. c3 Na5 10. Bc2 c5 11. Nbd2 Qc7 12. Nf1 Bg4 13. Ng3 h6 14. h3 Be6 15. Nh2
Nd7 16. Ng4 Kh7 17. Qf3 Nf6 18. Nf5 Nxg4 19. hxg4 Rh8 20. g3 Bf8 21. g5 hxg5
22. Bxg5 f6 23. Bd2 g6 24. Ne3 Qf7 25. a4 Bh6 26. Kg2 Nb3 27. Bxb3 Bxb3 28.
axb5 axb5 29. Rxa8 Rxa8 30. Rh1 Kg7 31. Nf5+ gxf5 32. Bxh6+ Kg8 33. Qxf5 Be6
34. Qf3 Qg6 35. Bc1 Bg4 36. Qe3 Rf8 37. f3 Be6 38. d4 Rc8 39. d5 Bd7 40. Rh6
Qg7 41. Qg1 Kf7 42. Qh1 Kg8 43. Qh5 Be8 44. Qh4 b4 45. Rxf6 1-0

[Event "2017CICC"]
[Site "Calgary Alberta"]
[Date "2017.08.03"]
[Round "2.12"]
[White "Zhao, Ian"]
[Black "Malek, Omid"]
[Result "0-1"]
[WhiteElo "1844"]
[BlackElo "2090"]
[PlyCount "74"]
[EventDate "2017.08.??"]
[SourceDate "2017.09.01"]

1. e4 e6 2. d3 d5 3. Nd2 c5 4. Ngf3 Nc6 5. g3 Bd6 6. Bg2 Nge7 7. O-O O-O 8. Re1
f6 9. c3 Bd7 10. a3 a5 11. a4 Kh8 12. b3 Be8 13. Ba3 Bh5 14. Qc2 Bg4 15. h3 Bh5
16. d4 cxd4 17. Nxd4 Nxd4 18. cxd4 Bxa3 19. Rxa3 Qd6 20. Qc5 Qxc5 21. dxc5 Rfe8
22. Raa1 Rac8 23. Rac1 Bf7 24. e5 fxe5 25. Nf3 e4 26. Nd4 Bg8 27. Nb5 Rf8 28.
Nd6 Rb8 29. Re2 Nc6 30. Nb5 Nb4 31. Rd2 Nd3 32. Rc3 Rbc8 33. Nd6 Rxc5 34. Rxc5
Nxc5 35. Rc2 b6 36. Rb2 Rd8 37. Nb5 e5 {flag} 0-1

[Event "2017CICC"]
[Site "Calgary Alberta"]
[Date "2017.08.03"]
[Round "2.13"]
[White "Ebrahim-Shirazi, Behrooz"]
[Black "Gashgarian, Rob"]
[Result "1-0"]
[WhiteElo "2037"]
[BlackElo "1679"]
[PlyCount "57"]
[EventDate "2017.08.??"]
[SourceDate "2017.09.01"]

1. d4 Nf6 2. c4 d6 3. Nf3 Nbd7 4. Bf4 c6 5. Nc3 Qc7 6. h3 e5 7. Bh2 Be7 8. e3
O-O 9. Be2 Ne8 10. O-O f5 11. Rc1 g6 12. c5 e4 13. Nd2 Qd8 14. b4 d5 15. b5 Ng7
16. bxc6 bxc6 17. Qa4 Rf6 18. f3 Re6 19. fxe4 Bg5 20. Nd1 fxe4 21. Rb1 Nf5 22.
Bg4 Rf6 23. Bxf5 gxf5 24. Bd6 Nf8 25. Qxc6 Be6 26. Be7 Qxe7 27. Qxa8 f4 28. Rb7
fxe3 29. Rxe7 1-0

[Event "2017CICC"]
[Site "Calgary Alberta"]
[Date "2017.08.03"]
[Round "2.14"]
[White "Chandra, Anand"]
[Black "Kostadinov, Georgi"]
[Result "1-0"]
[WhiteElo "1682"]
[BlackElo "1997"]
[PlyCount "65"]
[EventDate "2017.08.??"]
[SourceDate "2017.09.01"]

1. e4 c5 2. Nf3 d6 3. Bb5+ Bd7 4. Bxd7+ Qxd7 5. O-O Nc6 6. c3 Nf6 7. Re1 e5 8.
d4 Be7 9. d5 Na5 10. Qe2 b5 11. Nbd2 O-O 12. Nf1 c4 13. Ng3 Nb7 14. h3 Nc5 15.
Rd1 Rfc8 16. Ne1 Rab8 17. Nc2 a5 18. f3 g6 19. Be3 b4 20. Bg5 bxc3 21. bxc3 Rb2
22. Bc1 Rb7 23. Ba3 Na4 24. Qd2 h5 25. Ne3 h4 26. Ne2 Nh5 27. Ng4 Rcb8 28. Qe3
Qd8 29. f4 exf4 30. Qd4 Nb2 31. Rf1 f5 32. exf5 g5 33. Qe4 1-0

[Event "2017CICC"]
[Site "Calgary Alberta"]
[Date "2017.08.03"]
[Round "2.15"]
[White "Willis, Brad"]
[Black "Sklenka, Steve"]
[Result "1-0"]
[WhiteElo "1991"]
[BlackElo "1533"]
[PlyCount "101"]
[EventDate "2017.08.??"]
[SourceDate "2017.09.01"]

1. e4 c5 2. d4 cxd4 3. c3 dxc3 4. Nxc3 Nc6 5. Nf3 d6 6. Bc4 Nf6 7. e5 Ng4 8.
Bf4 Bf5 9. Qb3 e6 10. Qxb7 Qc8 11. Ba6 dxe5 12. Qxc8+ Rxc8 13. Bxc8 exf4 14. h3
Nf6 15. Ba6 Nb4 16. Bb5+ Ke7 17. O-O a6 18. Bc4 Bd3 19. Bxd3 Nxd3 20. Rfd1 Nb4
21. Rac1 Nbd5 22. Ne5 g6 23. Nc6+ Ke8 24. Rd4 Bg7 25. Ra4 Nxc3 26. bxc3 Nd5 27.
Rxa6 Nxc3 28. Rc2 Kd7 29. Rd2+ Kc7 30. Na5 Nd5 31. Rc6+ Kd7 32. Ra6 Rc8 33.
Ra7+ Rc7 34. Rxc7+ Kxc7 35. Nc4 Kc6 36. Rc2 Kd7 37. a4 Bd4 38. Nd2 f6 39. Rc4
e5 40. a5 Nc7 41. Nb3 Ba7 42. Nc5+ Kd6 43. Ne4+ Kd7 44. Nxf6+ Kd6 45. Nxh7 Ne6
46. Nf6 Nc5 47. a6 Nd3 48. Ne4+ Kd7 49. Kf1 Bd4 50. Rxd4+ exd4 51. a7 1-0

[Event "2017CICC"]
[Site "Calgary Alberta"]
[Date "2017.08.03"]
[Round "2.17"]
[White "Garcia Franco, Juan Carlos"]
[Black "Sharma, Vishruth"]
[Result "1-0"]
[WhiteElo "1842"]
[BlackElo "1454"]
[PlyCount "101"]
[EventDate "2017.08.??"]
[SourceDate "2017.09.01"]

1. Nf3 c5 2. b3 Nf6 3. Bb2 e6 4. g3 Be7 5. Bg2 O-O 6. O-O Nc6 7. c4 d5 8. d3 d4
9. a3 a5 10. Nbd2 e5 11. h3 Bf5 12. Kh2 Bd6 13. Nh4 Be6 14. Ne4 Nxe4 15. dxe4
a4 16. Rc1 Na5 17. bxa4 Nxc4 18. Rb1 Nxb2 19. Rxb2 Qd7 20. Nf5 Bb8 21. Rb5 g6
22. Nh6+ Kg7 23. Ng4 Bxg4 24. hxg4 Bd6 25. Qb3 Rfb8 26. Bh3 g5 27. Rb1 Ra6 28.
e3 Qc7 29. Bf1 Rc6 30. Bc4 b6 31. a5 Qc8 32. f3 Bc7 33. Kg2 Rf6 34. a4 h5 35.
gxh5 g4 36. Be2 gxf3+ 37. Bxf3 dxe3 38. Qxe3 bxa5 39. Qxc5 Rxb5 40. Rxb5 Qd8
41. Qe3 Bb6 42. Qg5+ Kh7 43. Rxe5 Qd6 44. Rd5 Qc6 45. Bg4 Qc2+ 46. Kh3 Rc6 47.
Bf5+ Kh8 48. h6 Rg6 49. Bxg6 fxg6 50. Qf6+ Kh7 51. Qg7# 1-0

[Event "2017CICC"]
[Site "Calgary Alberta"]
[Date "2017.08.03"]
[Round "3.1"]
[White "Sambuev, Bator"]
[Black "Gareyev, Timur"]
[Result "1/2-1/2"]
[WhiteElo "2513"]
[BlackElo "2620"]
[PlyCount "87"]
[EventDate "2017.08.??"]
[SourceDate "2017.09.01"]

1. d4 Nf6 2. Nf3 e6 3. e3 b6 4. Bd3 Bb7 5. O-O d5 6. c4 Nbd7 7. cxd5 exd5 8.
Ne5 Nxe5 9. dxe5 Nd7 10. f4 Nc5 11. Bc2 a5 12. b3 Ne4 13. f5 Bc5 14. Qe1 d4 15.
Bxe4 Bxe4 16. Ba3 Bxa3 17. Nxa3 Qg5 18. g3 dxe3 19. h4 Qh5 20. f6 e2 21. Rf2
Bf3 22. fxg7 Rg8 23. Qc3 O-O-O 24. Re1 Rd1 25. Nc2 Bd5 26. Kh2 Qg6 27. Ne3 Rd3
28. Qc1 Rxg7 29. Nf5 Kb7 30. Qf4 Rg8 31. Rexe2 Qh5 32. Ne3 Qg6 33. Nxd5 Rxd5
34. Re3 Rg7 35. Qf3 c6 36. Qf6 Qg4 37. Ref3 Rd7 38. Qf5 Qd4 39. Rf4 Qd1 40. Qc2
Qe1 41. Qe4 Qc3 42. R4f3 Qc5 43. Rf6 Qc3 44. Qf3 1/2-1/2

[Event "2017CICC"]
[Site "Calgary Alberta"]
[Date "2017.08.03"]
[Round "3.2"]
[White "Foisor, Sabina-Francesca"]
[Black "Mikhalevski, Victor"]
[Result "0-1"]
[WhiteElo "2358"]
[BlackElo "2533"]
[PlyCount "92"]
[EventDate "2017.08.??"]
[SourceDate "2017.09.01"]

1. Nf3 g6 2. c4 Bg7 3. e3 Nf6 4. d4 O-O 5. Be2 c5 6. d5 e6 7. Nc3 exd5 8. cxd5
d6 9. Nd2 Na6 10. Nc4 Rb8 11. a4 Nb4 12. O-O Bf5 13. Na3 Ne4 14. Nxe4 Bxe4 15.
Bc4 a6 16. f3 Bf5 17. Qb3 Bd7 18. Bd2 b5 19. axb5 axb5 20. Be2 Nxd5 21. Qxd5
Be6 22. Qc6 Rb6 23. Qe4 b4 24. Nc2 Bxb2 25. Rab1 Bg7 26. g4 Re8 27. Qf4 Be5 28.
Qh6 Ba2 29. Rbe1 Bg7 30. Qh3 Qf6 31. Rf2 Qb2 32. Bd3 c4 33. Nxb4 Rxb4 34. Bxb4
Qxb4 35. Qf1 Bc3 36. Rxa2 Bxe1 37. Bxc4 Rxe3 38. Re2 Bd2 39. Rxe3 Bxe3+ 40. Kg2
d5 41. Bd3 Bc5 42. Qe2 Qd4 43. Bb5 Qg1+ 44. Kh3 Bd6 45. Bd3 Qc1 46. Kg2 Qf4 0-1

[Event "2017CICC"]
[Site "Calgary Alberta"]
[Date "2017.08.03"]
[Round "3.3"]
[White "Becerra, Julio"]
[Black "Yoo, Christopher"]
[Result "1/2-1/2"]
[WhiteElo "2539"]
[BlackElo "2166"]
[PlyCount "89"]
[EventDate "2017.08.??"]
[SourceDate "2017.09.01"]

1. e4 e5 2. Nf3 Nc6 3. Bb5 Nf6 4. O-O Bc5 5. c3 O-O 6. d4 Bb6 7. Bg5 h6 8. Bxf6
Qxf6 9. Bxc6 Qxc6 10. Nxe5 Qxe4 11. Nd2 Qf5 12. a4 c6 13. Re1 Bc7 14. Nf1 d5
15. Re3 Re8 16. Ng3 Qg5 17. Nf3 Qd8 18. Rxe8+ Qxe8 19. Qb3 f6 20. Re1 Qf7 21.
Nh4 b6 22. Qa3 Be6 23. a5 bxa5 24. Qa4 Bd7 25. Qc2 Re8 26. Ra1 Qe6 27. h3 c5
28. dxc5 a4 29. Qg6 Bxg3 30. Qxg3 Qe2 31. Qc7 Qxb2 32. Rf1 Be6 33. Qc6 Bf7 34.
Qxa4 Re4 35. Qxa7 Rxh4 36. Re1 Re4 37. Rxe4 Qb1+ 38. Kh2 Qxe4 39. c6 Qe5+ 40.
g3 Qxc3 41. Qd7 Qe1 42. c7 Qxf2+ 43. Kh1 Qf1+ 44. Kh2 Qf2+ 45. Kh1 1/2-1/2

[Event "2017CICC"]
[Site "Calgary Alberta"]
[Date "2017.08.03"]
[Round "3.4"]
[White "Moradiabadi, Elshan"]
[Black "Findlay, Ian"]
[Result "1-0"]
[WhiteElo "2530"]
[BlackElo "2226"]
[PlyCount "85"]
[EventDate "2017.08.??"]
[SourceDate "2017.09.01"]

1. e4 c5 2. Nf3 d6 3. Nc3 Nc6 4. d4 cxd4 5. Nxd4 g6 6. h4 Nf6 7. Be2 Bg7 8.
Nxc6 bxc6 9. h5 gxh5 10. Bxh5 Be6 11. Bf3 Nd7 12. Bg4 Bc4 13. Bd2 Rb8 14. b3
Ba6 15. Be2 Bb7 16. Bh5 Ne5 17. Qe2 Qb6 18. Na4 Qa6 19. Qxa6 Bxa6 20. Rd1 c5
21. Nc3 Bb7 22. f3 Bc6 23. Ne2 Ng6 24. Kf2 O-O 25. Ng3 e6 26. Be3 Be5 27. Ne2
Rfd8 28. f4 Bg7 29. Bf3 a5 30. Rd2 Bf8 31. Rhd1 Be7 32. e5 d5 33. c4 a4 34.
cxd5 exd5 35. Bxd5 Bxd5 36. Rxd5 Rxd5 37. Rxd5 axb3 38. axb3 Rxb3 39. f5 Nh4
40. f6 Bf8 41. Rd8 Rxe3 42. Kxe3 Nxg2+ 43. Ke4 1-0

[Event "2017CICC"]
[Site "Calgary Alberta"]
[Date "2017.08.03"]
[Round "3.5"]
[White "Shi, Diwen"]
[Black "Cao, Jason"]
[Result "0-1"]
[WhiteElo "2261"]
[BlackElo "2328"]
[PlyCount "72"]
[EventDate "2017.08.??"]
[SourceDate "2017.09.01"]

1. e4 c5 2. Nf3 e6 3. d4 cxd4 4. Nxd4 Nc6 5. Nc3 Qc7 6. Be3 a6 7. Qf3 b5 8.
O-O-O Bb7 9. Nxc6 Bxc6 10. Bd4 Rc8 11. Bd3 Ne7 12. Rhe1 Nf5 13. Be3 Nxe3 14.
Qxe3 Be7 15. Nd5 Bxd5 16. exd5 O-O 17. Kb1 Bf6 18. Qe4 g6 19. h4 Qc5 20. dxe6
dxe6 21. Qf4 Bg7 22. g4 Rfd8 23. Qc1 Qxf2 24. h5 Rd4 25. Rf1 Qg2 26. hxg6 hxg6
27. Rg1 Qf3 28. Qd2 Rxg4 29. Rgf1 Qd5 30. Qf2 Qb7 31. c3 Rg2 32. Qf4 Qc7 33.
Qf3 Rxb2+ 34. Ka1 Bxc3 35. Bxg6 Rb4+ 36. Qxc3 Qxc3# 0-1

[Event "2017CICC"]
[Site "Calgary Alberta"]
[Date "2017.08.03"]
[Round "3.8"]
[White "Zhang, Yuanchen"]
[Black "Garcia Franco, Juan Carlos"]
[Result "1-0"]
[WhiteElo "2272"]
[BlackElo "1842"]
[PlyCount "97"]
[EventDate "2017.08.??"]
[SourceDate "2017.09.01"]

1. e4 d6 2. d4 Nf6 3. Nc3 Nbd7 4. Nf3 e5 5. Bc4 Be7 6. O-O c6 7. a4 Qc7 8. Re1
O-O 9. a5 Rb8 10. h3 b5 11. axb6 axb6 12. Bf1 b5 13. b4 Nb6 14. d5 Nc4 15. Bg5
Bd7 16. Bxc4 bxc4 17. Rb1 Rfc8 18. Qe2 cxd5 19. Bxf6 Bxf6 20. Nxd5 Qd8 21. Red1
Be7 22. Ra1 Bf8 23. Ra2 Be6 24. c3 h6 25. Nd2 Bxd5 26. exd5 Qb6 27. Rda1 Rb7
28. Ra6 Qc7 29. Rc6 Qd7 30. Qxc4 Rcb8 31. Raa6 Qf5 32. Qe4 Qh5 33. Qe3 Qf5 34.
Ne4 Rb5 35. Nxd6 Qb1+ 36. Kh2 Rxd5 37. Qa7 Rxd6 38. Rxd6 Bxd6 39. Rxd6 Rc8 40.
Qe3 Qf5 41. Rd5 f6 42. b5 Qe6 43. Qd3 Qb6 44. Kg1 Qa5 45. Kh2 Qb6 46. Qf3 Qe6
47. Qd1 Qb6 48. Rd7 g5 49. Qd3 1-0

[Event "2017CICC"]
[Site "Calgary Alberta"]
[Date "2017.08.03"]
[Round "3.9"]
[White "Niemann, Hans Moke"]
[Black "Timmerman, Brian"]
[Result "1-0"]
[WhiteElo "2254"]
[BlackElo "1615"]
[PlyCount "65"]
[EventDate "2017.08.??"]
[SourceDate "2017.09.01"]

1. d4 Nf6 2. c4 g6 3. f3 Bg7 4. e4 d6 5. Ne2 O-O 6. Be3 c5 7. d5 e6 8. Nec3
exd5 9. cxd5 a6 10. a4 Nbd7 11. Be2 Nh5 12. O-O f5 13. exf5 gxf5 14. f4 Qe8 15.
Rf3 Nhf6 16. Rg3 Rf7 17. Nd2 Nb6 18. Qb3 Qd8 19. a5 Nbd7 20. Nc4 Qc7 21. Bd3
Nf8 22. h3 N6d7 23. Rg5 Rb8 24. Rxf5 b5 25. axb6 Nxb6 26. Rxf7 Kxf7 27. Qc2
Bxc3 28. bxc3 Nxd5 29. Bxh7 Qe7 30. Be4 Nxe3 31. Nxe3 Bb7 32. Bd5+ Ke8 33. Nf5
1-0

[Event "2017CICC"]
[Site "Calgary Alberta"]
[Date "2017.08.03"]
[Round "3.10"]
[White "Matras-Clement, Agnieszka"]
[Black "Chandra, Anand"]
[Result "1-0"]
[WhiteElo "2230"]
[BlackElo "1682"]
[PlyCount "95"]
[EventDate "2017.08.??"]
[SourceDate "2017.09.01"]

1. e4 c5 2. c3 d5 3. exd5 Qxd5 4. d4 cxd4 5. cxd4 Nc6 6. Nf3 Bg4 7. Be2 e6 8.
Nc3 Bb4 9. O-O Bxc3 10. bxc3 Nge7 11. h3 Bh5 12. Bf4 O-O 13. Qd2 Rac8 14. Rab1
Qd7 15. Rfd1 Bg6 16. Bd3 Nd5 17. Bg3 a6 18. Bxg6 hxg6 19. c4 Nf6 20. d5 exd5
21. cxd5 Ne7 22. d6 Nc6 23. Qb2 b5 24. Rbc1 Na5 25. Ne5 Qb7 26. Rc7 Qb6 27. Qc2
Rcd8 28. Nc6 Nxc6 29. Rxc6 Qa7 30. Rc7 Qb6 31. d7 b4 32. Bd6 Rxd7 33. Rxd7 Nxd7
34. Bxf8 Nxf8 35. Qc4 a5 36. Rd5 Ne6 37. Rb5 Qd6 38. Rd5 Qb6 39. Rb5 Qd6 40.
Rxa5 Qd1+ 41. Kh2 Qd6+ 42. g3 Qb6 43. Ra8+ Nf8 44. Kg1 Qb7 45. Rc8 Qe7 46. Qc5
Qxc5 47. Rxc5 Ne6 48. Rb5 1-0

[Event "2017CICC"]
[Site "Calgary Alberta"]
[Date "2017.08.03"]
[Round "3.12"]
[White "Malek, Omid"]
[Black "Booker, Brad"]
[Result "1-0"]
[WhiteElo "2090"]
[BlackElo "2114"]
[PlyCount "77"]
[EventDate "2017.08.??"]
[SourceDate "2017.09.01"]

1. d4 Nf6 2. Bg5 g6 3. Bxf6 exf6 4. e3 Bg7 5. g3 d6 6. Bg2 Nd7 7. Ne2 f5 8. O-O
Nf6 9. c4 O-O 10. Nbc3 Re8 11. b4 c6 12. Rb1 Ne4 13. Qd3 d5 14. cxd5 cxd5 15.
Rfc1 h5 16. Qb5 Be6 17. Bxe4 fxe4 18. Nf4 g5 19. Nxe6 fxe6 20. Qxb7 Qf6 21. Nd1
h4 22. Qa6 h3 23. Qe2 Qf5 24. b5 Re7 25. Rc6 g4 26. Nc3 Rf8 27. a4 Ref7 28. Rf1
e5 29. dxe5 Bxe5 30. Nxd5 Bxg3 31. Ne7+ Rxe7 32. fxg3 Qg5 33. Rf4 Rxf4 34. exf4
Qg7 35. Rc5 Qa1+ 36. Kf2 Rg7 37. Qc4+ Kh7 38. Qxe4+ Kh6 39. Rc6+ 1-0

[Event "2017CICC"]
[Site "Calgary Alberta"]
[Date "2017.08.03"]
[Round "3.13"]
[White "Daniluk, Jim"]
[Black "Gold, Itohan"]
[Result "0-1"]
[WhiteElo "1909"]
[BlackElo "1988"]
[PlyCount "152"]
[EventDate "2017.08.??"]
[SourceDate "2017.09.01"]

1. d4 d5 2. Nf3 Nf6 3. c4 c6 4. Nc3 e6 5. g3 dxc4 6. a4 Bb4 7. Bg2 Ne4 8. Qc2
Qa5 9. Qxe4 Bxc3+ 10. Kf1 Bb4 11. Ne5 c3 12. Qg4 cxb2 13. Bxb2 O-O 14. d5 Bc3
15. Nc4 Qb4 16. Ba3 Qxa4 17. Bb2 Qb3 18. dxc6 Bxb2 19. Rb1 Nxc6 20. Bxc6 bxc6
21. Rxb2 Qd1+ 22. Kg2 Qd5+ 23. f3 Ba6 24. Rc1 Bxc4 25. Qxc4 Qxc4 26. Rxc4 Rfb8
27. Rxb8+ Rxb8 28. Rxc6 Kf8 29. Kf2 a5 30. Ra6 Rb5 31. Ra7 g6 32. h4 Kg7 33. g4
h6 34. e4 g5 35. hxg5 hxg5 36. Kg3 Kg6 37. Ra6 Kf6 38. Ra7 Rc5 39. Kf2 Rc2+ 40.
Ke3 Ra2 41. Kd4 a4 42. e5+ Kg6 43. Ra6 Ra1 44. Ke3 a3 45. Kf2 a2 46. Kg2 Kg7
47. Ra7 Kf8 48. Kh2 Ke8 49. Kg2 Kd8 50. Ra5 Kd7 51. Ra6 Kc7 52. Kh2 Kb7 53. Ra5
Kb6 54. Ra8 Kc5 55. Kg2 Kd4 56. Ra5 Kc4 57. Ra7 Kd5 58. Ra5+ Kd4 59. Kh2 Ke3
60. Kg2 Kf4 61. Ra7 Kxe5 62. Ra4 Kd5 63. Ra7 Kd4 64. Ra4+ Ke3 65. Re4+ Kd3 66.
Ra4 Kc3 67. Ra7 Rd1 68. Rxa2 Rd2+ 69. Rxd2 Kxd2 70. Kf2 Kd3 71. Kg2 Ke2 72. Kg3
e5 73. Kg2 f6 74. Kg3 Kf1 75. f4 gxf4+ 76. Kf3 Kg1 0-1

[Event "2017CICC"]
[Site "Calgary Alberta"]
[Date "2017.08.03"]
[Round "3.14"]
[White "Perron, Sean"]
[Black "Kostadinov, Georgi"]
[Result "0-1"]
[WhiteElo "2080"]
[BlackElo "1997"]
[PlyCount "100"]
[EventDate "2017.08.??"]
[SourceDate "2017.09.01"]

1. c4 e5 2. Nc3 Nf6 3. Nf3 Nc6 4. d4 exd4 5. Nxd4 Bb4 6. Bg5 h6 7. Bh4 d6 8. e3
Bd7 9. Be2 O-O 10. O-O Bxc3 11. bxc3 Ne5 12. Qc2 Re8 13. f3 a6 14. Rfe1 Rb8 15.
f4 Ng6 16. Bf2 c5 17. Nb3 Ne4 18. Bd3 f5 19. Nd2 Bc6 20. Nxe4 fxe4 21. Be2 Qf6
22. Rad1 Red8 23. a3 Kh8 24. h3 b5 25. Rb1 Ne7 26. Red1 d5 27. cxb5 axb5 28.
Kh2 Nf5 29. Qd2 Re8 30. Qe1 d4 31. cxd4 cxd4 32. exd4 e3 33. Bg3 Nxd4 34. Qf1
h5 35. h4 g6 36. Rxd4 Qxd4 37. f5 Rbc8 38. Rb4 Qg7 39. f6 Qf7 40. Qf4 Kh7 41.
Bxb5 Bxb5 42. Rxb5 Rc6 43. Rb1 Rxf6 44. Qb4 e2 45. a4 Re3 46. Qb8 Rf1 47. Rb7
Re7 48. Qd8 Rxb7 49. Be5 Rf6 50. Bxf6 Qc7+ 0-1

[Event "2017CICC"]
[Site "Calgary Alberta"]
[Date "2017.08.03"]
[Round "3.15"]
[White "Sklenka, Steve"]
[Black "Zhao, Ian"]
[Result "0-1"]
[WhiteElo "1533"]
[BlackElo "1844"]
[PlyCount "70"]
[EventDate "2017.08.??"]
[SourceDate "2017.09.01"]

1. c4 Nf6 2. Nc3 g6 3. d3 Bg7 4. Nf3 O-O 5. g3 d6 6. Bg2 e5 7. O-O c6 8. Bd2
Nbd7 9. Rb1 a5 10. b4 axb4 11. Rxb4 Nc5 12. Na4 Nfd7 13. Bg5 Qa5 14. Nxc5 Qxb4
15. Ne4 f5 16. Bd2 Qa3 17. Bc1 Qxa2 18. Nxd6 Qa5 19. Bg5 Nf6 20. Qb3 Qc5 21.
Nxc8 Rfxc8 22. Be3 Qe7 23. Rb1 Rcb8 24. Nxe5 Qxe5 25. Bf4 Qe6 26. Bxb8 Rxb8 27.
Qb6 Nd7 28. Qa7 Qxe2 29. Rxb7 Rxb7 30. Qxb7 Qe1+ 31. Bf1 Bd4 32. Qa8+ Kg7 33.
Qa2 Ne5 34. Qe2 Nxd3 35. Qe7+ Qxe7 0-1

[Event "2017CICC"]
[Site "Calgary Alberta"]
[Date "2017.08.03"]
[Round "3.16"]
[White "Dave, Bhavik"]
[Black "Sharma, Vishruth"]
[Result "1/2-1/2"]
[WhiteElo "1771"]
[BlackElo "1454"]
[PlyCount "123"]
[EventDate "2017.08.??"]
[SourceDate "2017.09.01"]

1. d4 Nf6 2. c4 g6 3. Nc3 Bg7 4. e4 O-O 5. f4 d6 6. Nf3 c5 7. d5 e6 8. Be2 exd5
9. exd5 Re8 10. O-O Bf5 11. Bd3 Bxd3 12. Qxd3 Nbd7 13. f5 Ng4 14. Bf4 Nge5 15.
Nxe5 Bxe5 16. fxg6 hxg6 17. Qf3 Bxf4 18. Qxf4 Ne5 19. Ne4 f5 20. Ng5 Nd3 21.
Qd2 Nxb2 22. Ne6 Rxe6 23. dxe6 Nxc4 24. Qd5 Qh4 25. Qxb7 Rf8 26. Rad1 Qe4 27.
Qxe4 fxe4 28. Rfe1 e3 29. Rc1 d5 30. Rxc4 dxc4 31. Rxe3 Re8 32. Kf2 Kg7 33. Ke2
Kf6 34. e7 Rxe7 35. Rxe7 Kxe7 36. h4 Ke6 37. g4 Ke5 38. Kd2 Kf4 39. h5 gxh5 40.
gxh5 Kg5 41. Kc3 Kxh5 42. a4 Kg5 43. Kxc4 Kf4 44. Kd5 c4 45. Kxc4 Ke4 46. Kc5
Ke5 47. Kc6 Ke6 48. a5 a6 49. Kc7 Kd5 50. Kb7 Kc5 51. Kxa6 Kc6 52. Ka7 Kc7 53.
a6 Kc8 54. Ka8 Kc7 55. Ka7 Kc8 56. Kb6 Kb8 57. Kc6 Ka8 58. Kb5 Kb8 59. Ka5 Ka8
60. Kb6 Kb8 61. a7+ Ka8 62. Ka6 1/2-1/2

[Event "2017CICC"]
[Site "Calgary Alberta"]
[Date "2017.08.04"]
[Round "4.1"]
[White "Gareyev, Timur"]
[Black "Mikhalevski, Victor"]
[Result "1/2-1/2"]
[WhiteElo "2620"]
[BlackElo "2533"]
[PlyCount "54"]
[EventDate "2017.08.??"]
[SourceDate "2017.09.01"]

1. d4 Nf6 2. c4 e6 3. Nf3 b6 4. g3 Ba6 5. Qa4 Bb7 6. Bg2 c5 7. dxc5 Bxc5 8. O-O
O-O 9. Nc3 Na6 10. Bf4 Be7 11. Rfd1 Nc5 12. Qc2 Nce4 13. Ne5 Nxc3 14. Bxb7 Nxd1
15. Rxd1 d5 16. cxd5 exd5 17. Qf5 g6 18. Qh3 Qb8 19. Bxa8 Qxa8 20. Rc1 Re8 21.
Rc7 d4 22. Nc6 Bc5 23. Be5 Nd5 24. Rxf7 Kxf7 25. Qxh7+ Ke6 26. Qh3+ Kf7 27.
Qh7+ Ke6 1/2-1/2

[Event "2017CICC"]
[Site "Calgary Alberta"]
[Date "2017.08.04"]
[Round "4.2"]
[White "Cao, Jason"]
[Black "Moradiabadi, Elshan"]
[Result "1/2-1/2"]
[WhiteElo "2328"]
[BlackElo "2530"]
[PlyCount "93"]
[EventDate "2017.08.??"]
[SourceDate "2017.09.01"]

1. e4 e5 2. Nf3 Nc6 3. Bb5 a6 4. Ba4 Nf6 5. d3 b5 6. Bb3 Be7 7. Nc3 d6 8. a3
O-O 9. O-O Be6 10. Nd5 Nb8 11. Nxe7+ Qxe7 12. Bxe6 Qxe6 13. Ng5 Qe7 14. f4 Nc6
15. fxe5 dxe5 16. Nf3 Nd7 17. Be3 g6 18. Qe1 f6 19. Qg3 Kh8 20. Nh4 Rf7 21. Rf3
Rg8 22. Qh3 Nd4 23. Bxd4 exd4 24. Raf1 c5 25. R3f2 Ne5 26. Nf3 Rgf8 27. Qg3 Nc6
28. h4 Qe6 29. h5 gxh5 30. Qh4 Ne5 31. Nxe5 fxe5 32. Rxf7 Rxf7 33. Rxf7 Qxf7
34. Qd8+ Qg8 35. Qf6+ Qg7 36. Qd8+ Qg8 37. Qe7 Qg7 38. Qe8+ Qg8 39. Qxe5+ Qg7
40. Qe8+ Qg8 41. Qxg8+ Kxg8 42. Kf2 a5 43. Kf3 Kf7 44. b3 a4 45. bxa4 bxa4 46.
Kf4 Kf6 47. g3 1/2-1/2

[Event "2017CICC"]
[Site "Calgary Alberta"]
[Date "2017.08.04"]
[Round "4.3"]
[White "Yoo, Christopher"]
[Black "Sambuev, Bator"]
[Result "0-1"]
[WhiteElo "2242"]
[BlackElo "2522"]
[PlyCount "130"]
[EventDate "2017.08.??"]
[SourceDate "2017.09.01"]

1. e4 d6 2. d4 Nf6 3. Nc3 e5 4. Nf3 Nbd7 5. Bc4 Be7 6. O-O O-O 7. a4 a5 8. h3
c6 9. Re1 Re8 10. Be3 h6 11. Qd2 exd4 12. Nxd4 Bf8 13. f3 Ne5 14. Ba2 Ng6 15.
Rad1 Qc7 16. Qf2 Bd7 17. Rd2 d5 18. exd5 Bd6 19. Nde2 c5 20. Bc4 Re5 21. Bb5
Rae8 22. Bxd7 Qxd7 23. Nc1 Nf4 24. Nd3 Nxd3 25. Rxd3 c4 26. Rd2 Bb4 27. Rde2
Bxc3 28. bxc3 Nxd5 29. Bd4 Rxe2 30. Rxe2 f6 31. Rxe8+ Qxe8 32. Qg3 Qd7 33. Qb8+
Kf7 34. Qa7 Qc7 35. Qa8 Ne7 36. Qa7 Nc8 37. Qc5 Qxc5 38. Bxc5 Ke6 39. Kf2 h5
40. g4 Kd5 41. Bf8 g6 42. gxh5 gxh5 43. Ke3 Nb6 44. Be7 Nd7 45. Bd8 b6 46. h4
f5 47. Kf4 Ke6 48. Ke3 b5 49. Bxa5 bxa4 50. Bb4 Ke5 51. f4+ Kd5 52. Ba3 Nb8 53.
Kd2 Nc6 54. Kc1 Na7 55. Be7 Nb5 56. Kb2 Ke4 57. Bg5 Ke3 58. Bh6 a3+ 59. Ka2 Kd2
60. Bg7 Kxc2 61. Be5 Kd2 62. Bf6 Nxc3+ 63. Kxa3 Nd5 64. Be5 c3 65. Kb3 c2 0-1

[Event "2017CICC"]
[Site "Calgary Alberta"]
[Date "2017.08.04"]
[Round "4.4"]
[White "Niemann, Hans Moke"]
[Black "Becerra, Julio"]
[Result "1/2-1/2"]
[WhiteElo "2254"]
[BlackElo "2539"]
[PlyCount "100"]
[EventDate "2017.08.??"]
[SourceDate "2017.09.01"]

1. d4 d6 2. c4 g6 3. Nc3 Bg7 4. Nf3 Nf6 5. e4 O-O 6. Be2 e5 7. dxe5 dxe5 8.
Qxd8 Rxd8 9. Bg5 Re8 10. Nd5 Nxd5 11. cxd5 c6 12. Bc4 b5 13. Bb3 Bb7 14. O-O-O
c5 15. Bc2 Nd7 16. Be3 Rec8 17. g4 h6 18. g5 h5 19. Bd3 c4 20. Bf1 Kf8 21. Bh3
Ke8 22. Bd2 c3 23. bxc3 a6 24. Ne1 Rc4 25. Bxd7+ Kxd7 26. Nd3 Rac8 27. f3 b4
28. Kc2 Rd4 29. Be1 a5 30. Kb2 Rdc4 31. cxb4 Rc2+ 32. Kb1 axb4 33. Nxb4 Re2 34.
Rd2 Re3 35. Rd3 Rxd3 36. Nxd3 Ba6 37. Nc1 Bf8 38. Bd2 Ba3 39. Re1 Rb8+ 40. Kc2
Rb2+ 41. Kd1 Rb8 42. Kc2 Rb2+ 43. Kd1 Bc5 44. h3 Bb5 45. Rh1 Bf2 46. h4 Bg3 47.
Ne2 Rb1+ 48. Nc1 Ba4+ 49. Ke2 Bb5+ 50. Kd1 Ba4+ 1/2-1/2